Software engineering: A practitioner's approach (Record no. 486910)

000 -LEADER
fixed length control field 00479 a2200169 4500
020 ## - INTERNATIONAL STANDARD BOOK NUMBER
International Standard Book Number 9780073375977
020 ## - INTERNATIONAL STANDARD BOOK NUMBER
International Standard Book Number 0073375977
082 00 - DEWEY DECIMAL CLASSIFICATION NUMBER
Classification number 005.1
090 ## - LOCALLY ASSIGNED LC-TYPE CALL NUMBER (OCLC); LOCAL CALL NUMBER (RLIN)
-- 6287
-- 6287
100 1# - MAIN ENTRY--PERSONAL NAME
Personal name Pressman, Roger S.
245 10 - TITLE STATEMENT
Title Software engineering: A practitioner's approach
Remainder of title
Statement of responsibility, etc. Roger S. Pressman.
250 ## - EDITION STATEMENT
Edition statement 7th ed.
260 ## - PUBLICATION, DISTRIBUTION, ETC.
Place of publication, distribution, etc. New York :
Name of publisher, distributor, etc. McGraw-Hill Higher Education,
Date of publication, distribution, etc. 2010.
300 ## - PHYSICAL DESCRIPTION
Extent xxviii, 895 p. :
Other physical details ill. ;
Dimensions 24 cm.
650 #0 - SUBJECT ADDED ENTRY--TOPICAL TERM
Topical term or geographic name entry element Software engineering.
942 ## - ADDED ENTRY ELEMENTS (KOHA)
Koha item type Book
Holdings
Withdrawn status Lost status Damaged status Not for loan Collection code Permanent Location Current Location Shelving location Date acquired Source of acquisition Cost, normal purchase price Total Checkouts Full call number Barcode Date last seen Date last checked out Price effective from Koha item type
          Central Library (CL) Central Library (CL) First Floor - Software Engineering/ Programming Language 01/04/2017 Allied Book Company 1288.37 2 005.1 PRE SEECS013632 07/09/2020 02/25/2020 01/04/2017 Book
© 2023 Central Library, National University of Sciences and Technology. All Rights Reserved.